Statistics for Betis Deportivo all-time top scorers

Click here to take the quiz!

General Stats

  • This quiz has been taken 3 times
  • The average score is 9 of 11

Answer Stats

GoalsNationalityPlayer% Correct
78SpainAlfonso
100%
52SpainBorja Iglesias
100%
39BrazilEdú
100%
43NigeriaFinidi George
100%
75SpainJorge Molina
100%
56SpainPoli Rincón
100%
147SpainRubén Castro
100%
41ArgentinaGabriel Calderón
67%
65SpainJoaquín
67%
39SpainSergio Canales
67%
42SpainFernando Ansola
33%

Score Distribution

Percentile by Number Answered

Percent of People with Each Score

Your Score History

You have not taken this quiz